000 00348nam a22001457a 4500
041 _aENG
100 _aSethi .j
245 _aA course In Phonetics And Spoken english
250 _aSecond ED
260 _aDelhi
_bPHI Learning
_c2012
300 _a221
650 _aCompetitive Exam
700 _adhamija.P.V
856 _uCompetitive Exam ( 35 )
999 _c889
_d889